Countries Closest to Togo - Statistics

General Stats
  • This quiz has been taken 1,199 times
  • The average score is 18 of 20
Answer Stats
km country miles % Correct
0 Benin 0
97%
0 Ghana 0
97%
191 Niger 119
97%
101 Nigeria 63
96%
0 Burkina Faso 0
95%
393 Mali 244
95%
875 Guinea 543
94%
1359 Chad 844
92%
319 Côte d'Ivoire 198
92%
763 Cameroon 474
91%
886 Liberia 551
91%
1044 Gabon 649
89%
1160 Sierra Leone 721
89%
1355 Congo 842
88%
1395 Central African Republic 867
86%
757 Mauritania 470
86%
1231 Senegal 765
86%
925 Algeria 575
84%
803 São Tomé and Príncipe 499
84%
801 Equatorial Guinea 498
82%
No matching quizzes found
Score Distribution
Percent of People with Each Score
Percentile by Number Answered
Your Score History
You have not taken this quiz